caucasus mma - Statistics

General Stats
  • This quiz has been taken 78 times
  • The average score is 11 of 14
Answer Stats
Picture Answer % Correct
islam Makhachev
90%
khabib nurmagomedov
89%
khamzat chimaev
89%
arman tsarukyan
88%
hasbulla
88%
ilia topuria
88%
umar
88%
shara
85%
zabit
81%
merab dvalishvili
79%
magomed ankalaev
78%
usman
73%
Movsar Evloev
62%
nassourdine imavov
55%
No matching quizzes found
Score Distribution
Percent of People with Each Score
Percentile by Number Answered
Your Score History
You have not taken this quiz